Caza del poeta /

Na minha lista:
Detalhes bibliográficos
Autor principal: Corrales, Adriano
Formato: Desconhecido
Idioma:Spanish
Publicado em: San José, Costa Rica : Andrómeda, 2004.
Assuntos:
Tags: Adicionar Tag
Sem tags, seja o primeiro a adicionar uma tag!

MARC

LEADER 000000000a22000000004500
001 014987
020 |a 9968943193 
041 0 |a spa 
082 0 4 |a CR861.44   |b C823c 
100 1 |a Corrales, Adriano 
245 1 0 |a Caza del poeta /   |c Adriano Corrales. 
260 1 |a San José, Costa Rica :   |b Andrómeda,   |c 2004. 
300 |a 70 páginas :   |b ilustraciones 
650 4 |a LITERATURA COSTARRICENSE 
650 4 |a POESIA COSTARRICENS 
999 |c 20849  |d 20849 
942 |c BK  |h CR861.44 C823c  |2 z